| 000 | 00357nam a22001457a 4500 | ||
|---|---|---|---|
| 999 |
_c8119 _d8119 |
||
| 003 | OSt | ||
| 005 | 20200804151910.0 | ||
| 008 | 200804b ||||| |||| 00| 0 eng d | ||
| 020 | _a9780727735164 | ||
| 082 |
_a333.917 _bGRE |
||
| 100 |
_a Green, David R., _d1956- |
||
| 245 | _aCoastal zone management | ||
| 260 |
_aLondon _bThomas telford _c2010 |
||
| 942 | _2ddc | ||